|
|
|
|
| LEADER |
00000nam a2200000 a 4500 |
| 001 |
UCH9867 |
| 003 |
CL-VaPUC |
| 005 |
20240830150055.0 |
| 008 |
100225e20060000SP |||||||||||||||||spa|d |
| 999 |
|
|
|c 339733
|d 339731
|
| 020 |
|
|
|a 8430556699
|
| 040 |
|
|
|c Pontificia Universidad Católica de Valparaíso
|
| 082 |
0 |
4 |
|a 620
|b LAU
|2 21
|
| 100 |
|
|
|a Laurenza, Domenico
|e author
|9 547189
|
| 245 |
1 |
0 |
|a Atlas ilustrado de las máquinas de Leonardo
|
| 246 |
1 |
0 |
|a Secretos e invenciones en los Códices da Vinci
|
| 250 |
|
|
|a 1a. ed
|
| 260 |
|
|
|a Madrid
|b Susaeta
|c 2006
|
| 300 |
|
|
|a 239 p
|
| 583 |
|
|
|a last modification
|c 20100225 00:00:00
|k Rodrigo Vera
|
| 600 |
|
0 |
|a Da Vinci, Leonardo
|d 1452-1519
|9 561227
|
| 650 |
|
0 |
|a Diseño de máquinas
|9 271533
|
| 650 |
|
7 |
|a INVENTORES
|2 CL-VaPUC
|9 314937
|
| 650 |
|
0 |
|a Simulación por computador
|9 260988
|
| 650 |
|
0 |
|a Objetos tridimensionales
|9 484559
|
| 700 |
0 |
|
|a Taddei, Mario
|e author
|9 547190
|
| 700 |
0 |
|
|a Zanon, Edoardo
|e author
|9 547191
|
| 942 |
|
|
|c BK
|2 ddc
|
| 945 |
|
|
|d 20100225 00:00:00
|a cmena
|
| 952 |
|
|
|0 0
|1 0
|4 0
|6 620_000000000000000_LAU_2006
|7 0
|8 A
|9 433543
|a BIBCUR
|b BIBCUR
|d 2019-11-22
|i 4648110
|o 620 LAU 2006
|p 4648110
|r 2025-04-22
|w 2019-11-22
|y BK
|k CAC
|
| 952 |
|
|
|0 0
|1 0
|2 ddc
|4 0
|6 620_000000000000000_LAU_2006
|7 0
|8 C
|9 433544
|a BIBCUR
|b BIBCUR
|d 2019-11-22
|i 440002K
|l 2
|o 620 LAU 2006
|p 440002K
|r 2025-04-22
|s 2023-09-27
|w 2019-11-22
|y BK
|k BCB
|